Marketing 2 Betriebswirtschaftslehre
Saved in:
| Main Author: | |
|---|---|
| Format: | Book |
| Language: | German |
| Published: |
Reinbek bei Hamburg
Rowohlt
1973
|
| Edition: | 1. Aufl. |
| Series: | Rororo Studium
|
| Subjects: | |
| Tags: |
No Tags, Be the first to tag this record!
|
MARC
| LEADER | 00000nam a2200000 4500 | ||
|---|---|---|---|
| 001 | c019145 | ||
| 005 | 20221207074816.0 | ||
| 020 | |a 3-499-21033-9 | ||
| 041 | 0 | |a ger | |
| 044 | |a DE | ||
| 245 | 1 | 0 | |a Marketing 2 |b Betriebswirtschaftslehre |c Johannes Bidlingmaier |
| 250 | |a 1. Aufl. | ||
| 264 | 1 | |a Reinbek bei Hamburg |b Rowohlt |c 1973 | |
| 300 | |a 469 s. | ||
| 490 | 1 | |a Rororo Studium | |
| 830 | 0 | |a Rororo Studium | |
| 610 | 2 | 0 | |a marketing |
| 610 | 2 | 0 | |a nástroje marketingové |
| 610 | 2 | 0 | |a produkty |
| 610 | 2 | 0 | |a politika cenová |
| 610 | 2 | 0 | |a distribúcia |
| 610 | 2 | 0 | |a odbyt |
| 610 | 2 | 0 | |a reklama |
| 100 | 1 | |a Bidlingmaier, Johannes | |